[Event "RSA-ch U14"]
[Site "Gauteng"]
[Date "2017.04.07"]
[Round "4"]
[White "Nevin, Timothy"]
[Black "Dheda, Khelan"]
[Result "1-0"]
[WhiteElo "1278"]
[BlackElo "1385"]
[PlyCount "61"]
[EventDate "2017.04.05"]
[EventType "swiss"]
[EventRounds "11"]
[EventCountry "RSA"]
[SourceTitle "CBM 177 Extra"]
[Source "ChessBase"]
[SourceDate "2017.04.27"]
[SourceVersion "1"]
[SourceVersionDate "2017.04.27"]
[SourceQuality "1"]

1. d4 d5 2. e3 Nf6 3. c4 e6 4. Nf3 Be7 5. Bd3 0-0 6. 0-0 b6 7. Nc3 Nbd7 8. Qc2 Bb7 9. Re1 Rc8 10. e4 dxe4 11. Nxe4 c5 12. Bg5 cxd4 13. Bxf6 Bxf6 14. Nd6 Rc7 15. Nxb7 Rxb7 16. Be4 Rc7 17. Bxh7+ Kh8 18. Bd3 b5 19. b3 Rc5 20. Re4 Nb6 21. g3 Qc8 22. Rc1 bxc4 23. bxc4 Rd8 24. Qe2 Nxc4 25. Rxc4 Rxc4 26. Bxc4 d3 27. Bxd3 Qc3 28. Bc4 Qa5 29. Ne5 Kg8 30. Nc6 Qd2 31. Nxd8 1-0